000 00606nam a2200205Ia 4500
003 GCL
008 140319s9999 xx 000 0 eng d
040 _aGCL /
_cGCL
082 0 4 _aREF
_b980
_bE S
100 1 _aEUROPA PUBLICATIONS LIMITED
245 1 0 _aSOUTH AMERICA, CENTRAL AMERICA AND THE CARIBBEAN 1997 /
_cEUROPA PUBLICATIONS LIMITED
260 _a[S.N] :
_bEUROPA PUBLICATIONS LIMITED ،
_c1997
300 _a32 CM ؛
_c774 P
650 0 4 _aDIRECTORIES
650 0 4 _aMEXICO
650 0 4 _aSOUTH AMERICA
650 0 4 _aCENTRAL AMERICA
650 0 4 _aCARIBBEAN AREA - GEOGRAPHY
942 _2ddc
_cREF
999 _c26497
_d26497